| 000 | 01257cam a2200385 4500 | ||
|---|---|---|---|
| 999 |
_c23461 _d23461 |
||
| 001 | vtls011784622 | ||
| 005 | 20221012102527.0 | ||
| 008 | 200228s2018 xo gr 010 f slo | ||
| 020 |
_a9788022020787 _q(viazané) |
||
| 035 | _aurn:nbn:sk:snk-am00dba7 | ||
| 035 | _aurn:nbn:sk:snk-am3hwb7 | ||
| 035 | _aC36E61B4-3CB7-44AB-AD97-25C54E8A18E6 | ||
| 040 |
_aSVKBB _bslo _cSVKBB _dSNK _erda |
||
| 041 | 0 | _aslo | |
| 044 |
_axo _cSK |
||
| 072 | 7 |
_a821.162.4-3 _xSlovenská próza _2konspekt |
|
| 080 |
_a821.162.4-31 _22011 |
||
| 080 |
_a(0:82-312.5) _22011 |
||
| 080 |
_a(0:82-311.6) _22011 |
||
| 100 | 1 |
_aPronská, Jana, _d1972- _4aut _92483 |
|
| 245 | 1 | 0 |
_aKliatba _cJana Pronská |
| 264 | 1 |
_aBratislava _bSlovenský spisovateľ, a.s. _c2018 |
|
| 300 |
_a207 strán _c21 cm |
||
| 336 |
_atext _btxt _2rdacontent |
||
| 337 |
_abez média _bn _2rdamedia |
||
| 338 |
_azväzok _bnc _2rdacarrier |
||
| 655 | 7 |
_aslovenské romány _2SNKPH _91694 |
|
| 655 | 7 |
_aľúbostné romány _2SNKPH _913 |
|
| 655 | 7 |
_ahistorické romány _2SNKPH _91688 |
|
| 655 | 7 |
_aSlovak fiction _2SNKPHeng _91695 |
|
| 655 | 7 |
_aLove novels _2SNKPHeng _91667 |
|
| 655 | 7 |
_aHistorical novels _2SNKPHeng _91689 |
|
| 958 | _aLX | ||